000 00683nam a2200241 i 4500
001 C2-0302660
003 PPAK
005 20180728083658.0
008 100204s2002 nyua|||| ||||| | eng d
020 _a0516234781
040 _aPPAK
_beng
_cPPAK
_erda
082 0 4 _a333.82
_223
090 0 0 _a333.82
_bMIL
_dLCK
100 1 _aMiller, Kimberly M.,
_eauthor
245 1 0 _aWhat if we run out of fossil fuels
264 1 _aNew York :
_bHigh Interest books ,
_c2002
300 _a48 pages :
_bcolour illustrations ;
_c21 cm
336 _2rdacontent
_atext
337 _2rdamedia
_aunmediated
338 _2rdacarrier
_avolume
650 1 0 _aFossil fuels-juvenile
942 _ddc
_cB
999 _c106217
_d106217